| 000 | 00963 a2200193 4500 | ||
|---|---|---|---|
| 003 | Nust | ||
| 005 | 20221221110701.0 | ||
| 040 | _cNust | ||
| 082 | _a621.38411,CAM | ||
| 100 |
_aF.J. Camm _9105489 |
||
| 245 |
_aWireless transmission / _cF.J. Camm |
||
| 250 | _a6th ed | ||
| 260 |
_aGerorge Newnes Limited _bLondon _c1941 |
||
| 300 |
_a143 p _billus _c24 cm |
||
| 505 | _aPreliminaries (Page-9), Fundamental Principles (Page-13), About Valves (Page-17), The Valve as Rectifier and Oscillator (Page-30), Transmitting Circuits (Page-37), The Radio Frequency Power Amplifier (Page-47), Modulation Systems (Page-55), Electronic Radiation (Page-66), One Valve Battery Operated Transmitter (Page-70), Aerials (Page-88), Station Layout (Page-101), Frequency Meters (Page-105), Ht Supplies (Page-112), Ten Watt AC Operated Transmitter (Page-118), Making Coils (Page-127). | ||
| 600 |
_aF.J. Camm _9105489 |
||
| 650 |
_aWireless transmission _9105490 |
||
| 942 |
_2ddc _cBK |
||
| 999 |
_c183228 _d183228 |
||